El misterio del último retrato del Cardenal Borja / (Record no. 179989)
[ view plain ]
| 000 -LEADER | |
|---|---|
| campo de control de longitud fija | 01100nam a2200265 i 4500 |
| 001 - NÚMERO DE CONTROL | |
| campo de control | 179989 |
| 003 - IDENTIFICADOR DE NÚMERO DE CONTROL | |
| campo de control | ES-MaACL |
| 005 - FECHA Y HORA DE LA ÚLTIMA TRANSACCIÓN | |
| campo de control | 20240513170009.0 |
| 008 - DATOS DE LONGITUD FIJA--INFORMACIÓN GENERAL | |
| campo de control de longitud fija | 120312s2004 sp acd |||| |bspa d |
| 020 ## - NÚMERO INTERNACIONAL ESTÁNDAR DEL LIBRO | |
| Número Internacional Estándar del Libro | 84-933344-4-8 |
| 080 ## - NÚMERO DE LA CLASIFICACIÓN DECIMAL UNIVERSAL | |
| Número de la Clasificación Decimal Universal | 929Borja y Velasco, Gaspar de |
| 080 ## - NÚMERO DE LA CLASIFICACIÓN DECIMAL UNIVERSAL | |
| Número de la Clasificación Decimal Universal | 75Velázquez, Diego. Retrato Cardenal Borja |
| 100 1# - ENTRADA PRINCIPAL--NOMBRE DE PERSONA | |
| Nombre de persona | Serrano de Entrambasaguas, Guillermo, |
| Fechas asociadas al nombre | 1940- |
| 9 (RLIN) | 105743 |
| 245 13 - MENCIÓN DEL TÍTULO | |
| Título | El misterio del último retrato del Cardenal Borja / |
| Mención de responsabilidad, etc. | Guillermo Serrano de Entrambasaguas. |
| 250 ## - MENCION DE EDICION | |
| Mención de edición | 1ª ed. |
| 260 ## - PUBLICACIÓN, DISTRIBUCIÓN, ETC. | |
| Lugar de publicación, distribución, etc. | Madrid : |
| Nombre del editor, distribuidor, etc. | Sistemas de Creación y Conocimiento, |
| Fecha de publicación, distribución, etc. | 2004. |
| 300 ## - DESCRIPCIÓN FÍSICA | |
| Extensión | 224 p. : |
| Otras características físicas | il. col. y n., gráf. ; |
| Dimensiones | 20 cm. |
| 504 ## - NOTA DE BIBLIOGRAFÍA, ETC. | |
| Nota de bibliografía, etc. | Bibliografía: p. 213-223. |
| 600 14 - PUNTO DE ACCESO ADICIONAL DE MATERIA--NOMBRE DE PERSONA | |
| Nombre de persona | Borja y Velasco, Gaspar de. |
| 9 (RLIN) | 149588 |
| 600 14 - PUNTO DE ACCESO ADICIONAL DE MATERIA--NOMBRE DE PERSONA | |
| Nombre de persona | Velázquez, Diego, |
| Fechas asociadas al nombre | 1599-1660 |
| 9 (RLIN) | 113793 |
| 852 ## - LOCALIZACIÓN | |
| Ubicación | ES-MaACL |
| Número de control de estantería | A-12031 |
| itemnumber | 186896 |
| Sublocalización o colección | R.146853 |
| Ubicación en estantería | Depósito 1 |
| Signatura antigua | Olim: N-5036 |
| Nota libre | Dedicatoria autógrafa del autor |
| Encuadernación | Donación: Guillermo Serrano de Entrambasaguas |
| 903 ## - NOMBRE PERSONAL DE DONANTE | |
| a | Serrano de Entrambasaguas, Guillermo, |
| d | 1940- |
| e | Donante |
| 9 | 105743 |
| 942 ## - ELEMENTOS DE ENTRADA SECUNDARIOS (KOHA) | |
| Fuente del sistema de clasificación o colocación | Clasificación decimal universal |
| Tipo de ítem Koha | Libro impreso |
| Estatus retirado | Estado de pérdida | Fuente del sistema de clasificación o colocación | Estado de daño | No para préstamo | Biblioteca de origen | Biblioteca actual | Ubicación en estantería | Fecha de adquisición | Fuente de adquisición | Total de préstamos | Signatura topográfica completa | Código de barras | Visto por última vez | Precio de reemplazo | Tipo de ítem Koha | Nota pública |
|---|---|---|---|---|---|---|---|---|---|---|---|---|---|---|---|---|
| Clasificación decimal universal | Biblioteca del Ateneo de Madrid | Biblioteca del Ateneo de Madrid | Depósito 1 | 12/03/2012 | Donación | A-12031 | 1189096 | 23/02/2023 | 23/02/2023 | Libro impreso | Dedicatoria autógrafa del autor |
